MARC

LEADER 00000nam0a2200000 4500
001 26813
005 20231030201810.0
010 |a 9665520768 
010 |a 5-7315-0105-X 
035 |a (RuTPU)RU\TPU\book\27058 
035 |a BOOK00027133 
090 |a 26813 
100 |a 20011209d2001 m y0rusy50 ca 
101 1 |a rus  |c eng 
102 |a UA 
105 |a а j 001zy 
200 1 |a Программирование на Visual Basic 6 и VBA. Руководство разработчика  |e пер. с англ.  |f К. Гетц, М. Гилберт 
210 |a Киев  |c BHV  |c Ирина  |d 2001 
215 |a 912 с.  |c ил. 
610 1 |a программирование 
610 1 |a системы программирования 
610 1 |a программные продукты 
610 1 |a Microsoft Office 
610 1 |a Visual Basic 
610 1 |a VBA 
610 1 |a ActiveX 
610 1 |a данные 
610 1 |a объекты 
610 1 |a модули кассы 
610 1 |a коммерческие приложения 
610 1 |a практические пособия 
610 1 |a обработка 
675 |a 681.3.066(076)  |v 3 
700 1 |a Гетц  |b К.  |g Кен 
701 1 |a Гилберт  |b М.  |g Майкл 
801 0 |a UA  |b 63413507  |c 20011209  |g PSBO 
801 2 |a RU  |b 63413507  |c 20181018  |g RCR 
942 |c BK